Heroes of Might and Magic V wszystkie jednostki - Statystyki

Ogólne statystyki
  • Ten quiz został rozwiązany 102 razy
  • Średni wynik to 61 z 84
Statystyki odpowiedzi
Zamek Jednostka % Poprawnych
Przystań 1 Chłop
99%
Przystań 2 Łucznik
99%
Przystań 7 Anioł
92%
Przystan 7 Archanioł
92%
Inferno 7 Diabeł
92%
Przystań 4 Gryf
92%
Inferno 6 Czart
91%
Inferno 1 Imp
91%
Nekropolis 1 Szkielet
91%
Inferno 3 Cerber
90%
Przystań 6 Kawalerzysta
90%
Przystań 3 Zbrojny
90%
Inferno 7 Arcydiabeł
88%
Nekropolis 4 Wampir
88%
Nekropolis 3 Duch
87%
Sylwan 5 Jednorożec
87%
Przystań 5 Kapłan
87%
Nwkropolis 5 Lisz
87%
Przystań 2 Strzelec wyborowy
87%
Sylwan 4 Druid
86%
Sylwan 6 Drzewiec
86%
Sylwan 6 Ent
84%
Akademia 1 Gremlin
84%
Nekropolis 7 Kościany Smok
84%
Przystań 3 Krzyżowiec
84%
Akademia 4 Mag
84%
Sylwan 1 Rusałka
84%
Nekropolis 2 Zombie
84%
Nekropolis 5 Arcylisz
83%
Nekropolis 2 Ożywieniec
83%
Inferno 2 Rogaty Demon
83%
Sylwan 2 Tancerz Ostrzy
83%
Sylwan 7 Zielony Smok
83%
Loch 5 Hydra
82%
Loch 3 Minotaur
82%
Sylwan 1 Nimfa
82%
Akademia 7 Tytan
82%
Akademia 5 Dżin
81%
Przystań 4 Gryf Królewski
81%
Inferno 3 Piekielny Ogar
81%
Loch 7 Czarny Smok
78%
Sylwan 7 Szmaragdowy Smok
78%
Nwkropolis 4 Wampirzy lord
78%
Loch 2 Krwawa Dziewica
77%
Loch 1 Zabójca
77%
Inferno 5 Zmora
75%
Akademia 4 Arcymag
74%
Inferno 1 Chowaniec
74%
Akademia 2 Kamienny Gargulec
74%
Akademia 7 Kolos
74%
Inferno 4 Sukkubus
74%
Przystań 6 Paladyn
73%
Nekropolis 3 Widmo
73%
Akademia 3 Żelazny Golem
71%
Inferno 5 Piekielny rumak
70%
Sylwan 3 Myśliwy
69%
Loch 7 Smok Cienia
69%
Nekropolis 6 Upiór
69%
Inferno 6 Czarci Lord
68%
Loch 1 Zwiadowca
68%
Nekropolis 1 Kościany Łucznik
66%
Akademia 6 Rakszasa Rani
66%
Przystań 1 Szeregowy
66%
Akademia 2 Obsydianowy Gargulec
64%
Przystań 5 Inkwizytor
62%
Loch 2 Krwawa Furia
62%
Sylwan 4 Wielki Druid
60%
Akademia 6 Rakszasa Radża
58%
Nekropolks 7 Widmowy Smok
58%
Sylwan 2 Tancerz Wojny
57%
Loch 6 Matrona Cienia
56%
Sylwan 5 Srebrny Jednorożec
56%
Akademia 3 Stalowy Golem
53%
Loch 4 Mroczny Jeździec
52%
Sylwan 3 Wielki Łowczy
51%
Loch 6 Wiedźma Cienia
48%
Nekropolis 6 Zjawa
47%
Inferno 2 Rogaty Nadzorca
44%
Loch 3 Minotaur Strażnik
42%
Loch 5 Hydra z Głębin
40%
Akademia 1 Gremlin Dowódca
39%
Inferno 4 Władczyni Sukkubusów
34%
Loch 4 Posępny Jeździec
29%
Akademia 5 Dżin Sułtański
9%
Nie znaleziono quizów pasujących do podanych kryteriów
Rozkład punktacji
Procent ludzi z każdym wynikiem
Percentyl według liczby udzielonych odpowiedzi
Twoja historia wyników
Nie rozwiązałeś tego quizu